00307nam a2200109Ia 4500008004100000020001400041100002500055245005200080250001100132260003600143300001800179180323s9999 xx 000 0 und d a765703602 aSchaefer, Charles E. cCangelosi, Donna M.aPlay theraphy techniques / a2nd ed aUSA :b2002cJason Aronson Inc. axi, 377 pages